Anderson Silva - UFC Opponents - Statistics

General Stats
  • This quiz has been taken 13 times
  • The average score is 15 of 25
Answer Stats
Date W/L/D Opponent % Correct
07/07/12 WIN - KO - R2 [C] Chael Sonnen
92%
07/08/10 WIN - SUB - R5 [C] Chael Sonnen
92%
28/12/13 LOSS - INJ - R2 [C] Chris Weidman
92%
06/07/13 LOSS - KO - R2 [C] Chris Weidman
92%
09/02/19 LOSS - U/DEC - R3 Israel Adesanya
92%
05/02/11 WIN - KO - R1 [C] Vitor Belfort
92%
09/07/16 LOSS - U/DEC - R3 Daniel Cormier
75%
08/08/09 WIN - KO - R1 Forrest Griffin
75%
27/02/16 LOSS - U/DEC - R5 Michael Bisping
75%
31/01/15 NC - Overturned Nick Diaz
67%
20/10/07 WIN - TKO - R2 [C] Rich Franklin
67%
14/10/06 WIN - TKO - R1 [C] Rich Franklin
67%
31/10/20 LOSS - TKO - R4 Uriah Hall
67%
28/06/06 WIN - TKO - R1 Chris Leben
58%
10/04/10 WIN - U/DEC - R5 [C] Demian Maia
58%
11/02/17 WIN - U/DEC - R3 Derek Brunson
58%
13/10/12 WIN - KO - R1 [C] Stephan Bonnar
58%
01/03/08 WIN - SUB - R2 [C] Dan Henderson
50%
27/08/11 WIN - TKO - R2 [C] Yushin Okami
50%
11/05/19 LOSS - KO - R1 Jared Cannonier
42%
25/10/08 WIN - INJ - R3 [C] Patrick Cote
33%
18/04/09 WIN - U/DEC - R5 [C] Thales Leites
33%
07/07/07 WIN - TKO - R1 [C] Nate Marquardt
25%
03/02/07 WIN - SUB - R2 Travis Lutter
17%
19/07/08 WIN - KO - R1 James Irvin
8%
No matching quizzes found
Score Distribution
Percent of People with Each Score
Percentile by Number Answered
Your Score History
You have not taken this quiz